Human values and education / (Record no. 68042)

MARC details
000 -LEADER
fixed length control field 00568nam a22001697a 4500
005 - DATE AND TIME OF LATEST TRANSACTION
control field 20120618121327.0
020 ## - INTERNATIONAL STANDARD BOOK NUMBER
International Standard Book Number 8176296295
Terms of availability 00
035 ## - SYSTEM CONTROL NUMBER
System control number B-159336
037 ## - SOURCE OF ACQUISITION
Stock number DPL
Source of stock number/acquisition ENG
100 ## - MAIN ENTRY--PERSONAL NAME
Personal name Goel, Aruna
245 ## - TITLE STATEMENT
Title Human values and education /
Statement of responsibility, etc by Aruna Goel and S.L. Goel
260 ## - PUBLICATION, DISTRIBUTION, ETC. (IMPRINT)
Place of publication, distribution, etc New Delhi
Name of publisher, distributor, etc Deep and Deep Publications
Date of publication, distribution, etc 2005
300 ## - PHYSICAL DESCRIPTION
Extent vii, 540p.
Dimensions 22 cms.
700 ## - ADDED ENTRY--PERSONAL NAME
Personal name Goel, S.L.
9 (RLIN) 49253
942 ## - ADDED ENTRY ELEMENTS (KOHA)
Source of classification or shelving scheme Dewey Decimal Classification
Item type English Books
Classification part 370
Call number suffix GOE
Holdings
Withdrawn status Lost status Not for loan Collection code Home library Current library Date acquired Cost, normal purchase price Full call number Barcode Cost, replacement price Koha item type
Binding     Non-fiction Sarojini Nagar Sarojini Nagar 18/06/2012 0.00 370 GOE B-159336 0.00 English Books

© Delhi Public Library
Hit Counter
free hit counter